Mis cuentos preferidos de los hermanos Grimm / (Record no. 144209)

MARC details
000 -CABECERA
campo de control de longitud fija 00635nam a2200193 a 4500
005 - FECHA Y HORA DE LA ÚLTIMA TRANSACCIÓN
campo de control 20240910063926.0
008 - ELEMENTOS DE LONGITUD FIJA--INFORMACIÓN GENERAL
campo de control de longitud fija 090827s2007 es r 000 0 spa d
020 ## - NÚMERO INTERNACIONAL NORMALIZADO PARA LIBROS
Número Internacional Estándar del Libro 9788498250169
035 ## - NÚMERO DE CONTROL DEL SISTEMA
Número de control de sistema UPN01000172105
049 ## - COLECCIÓN
Colección I
050 #4 - SIGNATURA TOPOGRÁFICA DE LA BIBLIOTECA DEL CONGRESO
Número de clasificación PZ33
Número de documento/Ítem G7.5
100 1# - ASIENTO PRINCIPAL--NOMBRE PERSONAL
Nombre de persona Grimm, Jakob,
Fechas asociadas al nombre 1785-1863
9 (RLIN) 32344
245 10 - MENCIÓN DE TÍTULO
Título Mis cuentos preferidos de los hermanos Grimm /
Mención de responsabilidad, etc. Jacob Grimm, Wilhelm Grimm ; il. Joma ; tr. Jimena Licitra.
260 ## - PUBLICACIÓN, DISTRIBUCIÓN, ETC.
Lugar de publicación, distribución, etc. Barcelona, Esp. :
Nombre del editor, distribuidor, etc. Combel,
Fecha de publicación, distribución, etc. 2007.
300 ## - DESCRIPCIÓN FÍSICA
Extensión 191 p. :
Otras características físicas il. col.
650 #4 - ASIENTO SECUNDARIO DE MATERIA - TERMINO TEMATICO
Término de materia o nombre geográfico como elemento de entrada Cuentos infantiles alemanes
9 (RLIN) 8589
700 1# - ASIENTO SECUNDARIO--NOMBRE DE PERSONAL
Nombre de persona Grimm, Wilhelm,
Fechas asociadas al nombre 1786-1859
Término indicativo de función/relación coaut.
9 (RLIN) 32345
905 ## - TIPO DE MATERIAL
Tipo de material Infantil
Holdings
Estado de retiro Estado de pérdida Fuente del sistema de clasificación o colocación Estado dañado No para préstamo Código de colección Localización permanente Ubicación/localización actual Ubicación en estantería Fecha de adquisición Total de préstamos Clasificación Código de barras Fecha visto por última vez Fecha del último préstamo Número de copia Tipo de ítem Koha
    Library of Congress Classification     Infantil Bib. Gregorio Torres Quintero Bib. Gregorio Torres Quintero Sala infantil Planta baja 03/03/2023 18 PZ33 G7.5 262783 14/08/2023 28/07/2023 1 Libro